| 000 | 01006cam a22002891a 4500 | ||
|---|---|---|---|
| 001 | 17184027 | ||
| 005 | 20150326125542.0 | ||
| 008 | 120227s2011 enkadk f b 001 0 eng d | ||
| 010 | _a 2012357087 | ||
| 020 | _a9780230293526 (hbk.) | ||
| 040 |
_aUKMGB _beng _cUKMGB _dYDXCP _dUAT _dCDX _dBDX _dDLC _dEG-ScBUE |
||
| 082 | 0 | 0 |
_a658.4058 _bOSH _222 |
| 100 | 1 |
_aOshri, Ilan. _937492 |
|
| 245 | 1 | 4 |
_aThe handbook of global outsourcing and offshoring / _cIlan Oshri, Julia Kotlarsky and Leslie P. Willcocks. |
| 250 | _a2nd ed. | ||
| 260 |
_aBasingstoke, England ; _aNew York : _bPalgrave Macmillan, _c2011. |
||
| 300 |
_axiii, 286 p. : _bcharts, forms, tables ; _c24 cm. |
||
| 500 | _aIncludes indexes. | ||
| 504 | _aBibliography : p. 268-275. | ||
| 650 | 0 |
_aOffshore outsourcing. _937490 |
|
| 650 | 0 |
_aContracting out. _937491 |
|
| 653 |
_bBUSADM _cMarch2015 |
||
| 655 |
_vreading book _934232 |
||
| 700 | 1 |
_aKotlarsky, Julia. _937493 |
|
| 700 | 1 |
_aWillcocks, Leslieā. _937494 |
|
| 942 |
_2ddc _k658.4058 OSH |
||
| 999 |
_c19123 _d19095 |
||